00285nam a22001097a 4500008004100000020002200041100003200063245003100095250001600126260002500142300000800167240517b |||||||| |||| 00| 0 eng d a978-93-86668-42-4 aN. G. ManKiw & M. P. Taylor aMacroeconomics 4th Edition a4th Edition aDelhibCengagec2021 a388